000 00561nmm a2200193Ia 4500
008 251105s9999||||xx |||||||||||||||||und||
020 _a9788498417197
041 _aspa
100 _aNissim, Gabriele
245 0 _aLa bondad insensata :
_b El secreto de los justos
264 _a[Madrid, España] :
_bSiruela,
_c2013
300 _a212 páginas
490 _aEl ojo del tiempo
650 _aPhilosophy, Ethics
700 _aNissim, Gabriele
700 1 _a Méndez, Juan Antonio
856 _uhttps://public.digitaliapublishing.com/a/31910
942 _cCF
999 _c69370
_d69370